000
00324nam a2200109 a 4500
005
20140408090029.0
008
021128s19uu xx 00 eng d
050
_a
PGS '00
_b
CAS #22
100
_a
Castro, Mary Ann SM.
245
_a
The Perception of grade 4 students of SIS on the use of color coded trash cans.
942
_c
PASS
999
_c
96394
_d
96394